Vizsgáztak a búzafajták fajtaminősítő tanácskozás Székkutason és Vásárhelyen /

Elmentve itt :
Bibliográfiai részletek
Szerző: Árva Éva
Dokumentumtípus: Cikk
Megjelent: 1984-06-14
Sorozat:Délmagyarország 74 No. 138
Kulcsszavak:Székkutas, Hódmezővásárhely, Tudományos kutatás növénytermesztés Székkutas, Mezőgazdaság növénytermesztés Székkutas, Növénytermesztési és Minősítő Intézet. Fajtakísérleti Állomás (Székkutas), Vásárhelyi Egyetemi Tangazdaság
Online Access:http://dmarchiv.bibl.u-szeged.hu/83267
LEADER 00746nab a2200157 i 4500
001 delm83267
005 20190905083321.0
008 190905s1984 hu o 0|| hun d
040 |a SZTE Délmagyarország Archívum  |b hun 
041 |a hun 
100 1 |a Árva Éva 
245 1 0 |a Vizsgáztak a búzafajták   |h [elektronikus dokumentum] :  |b fajtaminősítő tanácskozás Székkutason és Vásárhelyen /  |c  Árva Éva 
260 |c 1984-06-14 
300 |a 3 
490 0 |a Délmagyarország  |v 74 No. 138 
695 |a Székkutas, Hódmezővásárhely, Tudományos kutatás növénytermesztés Székkutas, Mezőgazdaság növénytermesztés Székkutas, Növénytermesztési és Minősítő Intézet. Fajtakísérleti Állomás (Székkutas), Vásárhelyi Egyetemi Tangazdaság